Nintendo Characters - Statistics

General Stats
  • This quiz has been taken 759 times
  • The average score is 14 of 27
Answer Stats
Hint Answer % Correct
The main Superstar Mario
99%
Hero chosen by the gods Link
89%
Princess of the Mushroom Kingdom Peach
89%
Won a huge mansion in a contest he didn't even enter Luigi
83%
Converts what it swallows into eggs Yoshi
83%
Has the ability to copy powers and use them as his own Kirby
79%
Princess who descends from a Goddess Zelda
78%
His famous necktie is adorned with his initials Donkey Kong
71%
Drives the Blue Falcon Captain Falcon
69%
An average boy whose life changed when he found a meteor and an alien on a nearby mountain Ness
62%
Palutena's most loyal servant Pit
60%
Pink dinosaur that wears a red bow and a diamond ring Birdo
58%
Traveled back in time to kidnap the star children Bowser
54%
A certain character's nephew who wears a Nintendo hat Diddy Kong
53%
Aside from adventuring, he's also the chairman of games making company Wario
51%
A lightweight scrapper from the Bronx Little Mac
48%
The galaxy's most famous bounty hunter Samus Aran
48%
Only ever appeared in spin-off titles Waluigi
45%
The prince of Altea Marth
37%
Expert pilot and has saved the Lylat System from numerous threats Fox Mcloud
33%
Wears a blue parka and carries a wooden mallet Popo
22%
Sage of Water Ruto
22%
Forced an unlikey marrige to create the chaos heart Count Bleck
11%
Stole a beautiful voice to activate the powers of the Beanstar Cackletta
10%
Awards the player with the Fog badge Morty
5%
Aimed to create a world without spirit Cyrus
2%
Other Sage of Water Oren
1%
No matching quizzes found
Score Distribution
Percent of People with Each Score
Percentile by Number Answered
Your Score History
You have not taken this quiz